| 000 | 00327nam a22001337a 4500 | ||
|---|---|---|---|
| 020 | _a9781844837274 | ||
| 040 | _cnust | ||
| 082 |
_a616.23806 _bBRE |
||
| 100 |
_aBrewer, Sarah. Dr _9122927 |
||
| 245 | _aOvercoming Asthma | ||
| 260 |
_aLondon: _bDuncan Baird, _c2009. |
||
| 650 |
_aOvercoming Asthma _9122928 |
||
| 942 |
_2ddc _cBK |
||
| 999 |
_c609304 _d609304 |
||